000 00209nam a22000977a 4500
999 _c15807
_d15807
003 OSt
008 191021b ||||| |||| 00| 0 eng d
100 _aSankara,Kurup G.
_94323
245 _aMeghachaya
942 _cBK